Tér és idő
Elmentve itt :
| Szerző: | |
|---|---|
| Adatforrás: | Philobibl |
| Forrásdokumentuma: | Filozófiai Figyelő 10 1988/3., 97-112. p. |
| Dokumentumtípus: | Cikk |
| Nyelv: | magyar |
| Kulcsszavak: | tér-idő |
| LEADER | 00342nab a2200121 c 4500 | ||
|---|---|---|---|
| 001 | bibDOK00002486 | ||
| 005 | 20200924115859.5 | ||
| 008 | 060518s1988 hu hun | ||
| 100 | 1 | |a Florenszkij, Pavel | |
| 245 | 1 | 0 | |a Tér és idő |c Florenszkij, Pavel |
| 500 | |a Kiss Ilona (ford.) | ||
| 695 | |a tér-idő | ||
| 773 | 0 | |t Filozófiai Figyelő 10 |g 1988/3., 97-112. p. | |